<?xml version="1.0" encoding="UTF-8"?>
<record
    xmlns:xsi="http://www.w3.org/2001/XMLSchema-instance"
    xsi:schemaLocation="http://www.loc.gov/MARC21/slim http://www.loc.gov/standards/marcxml/schema/MARC21slim.xsd"
    xmlns="http://www.loc.gov/MARC21/slim">

  <leader>01641nam a2200265 a 4500</leader>
  <controlfield tag="001">000013774</controlfield>
  <controlfield tag="005">20200929163337.0</controlfield>
  <controlfield tag="008">091130s20uu    dr ac         001 0 spa d</controlfield>
  <datafield tag="040" ind1=" " ind2=" ">
    <subfield code="a">DO-SdBNP</subfield>
    <subfield code="b">spa</subfield>
    <subfield code="c">BNPHU</subfield>
  </datafield>
  <datafield tag="082" ind1=" " ind2=" ">
    <subfield code="a">614.1</subfield>
    <subfield code="b">S245m</subfield>
  </datafield>
  <datafield tag="100" ind1="1" ind2=" ">
    <subfield code="a">Sarita Valdez, Sergio,</subfield>
    <subfield code="d">1945-</subfield>
    <subfield code="9">31262</subfield>
  </datafield>
  <datafield tag="245" ind1="1" ind2="0">
    <subfield code="a">Medicina legal :</subfield>
    <subfield code="b">conceptos generales de patolog&#xED;a forense /</subfield>
    <subfield code="c">Sergio Sarita Valdez ; pr&#xF3;logo Francisco Dom&#xED;nguez Brito.</subfield>
  </datafield>
  <datafield tag="260" ind1=" " ind2=" ">
    <subfield code="a">Santo Domingo. :</subfield>
    <subfield code="b">Graphic Colonial.,</subfield>
    <subfield code="c">200-?</subfield>
  </datafield>
  <datafield tag="300" ind1=" " ind2=" ">
    <subfield code="a">146 p. :</subfield>
    <subfield code="b">il., retrs. ;</subfield>
    <subfield code="c">23 cm.</subfield>
  </datafield>
  <datafield tag="500" ind1=" " ind2=" ">
    <subfield code="a">Incluye datos biogr&#xE1;ficos del autor en las solapas.</subfield>
  </datafield>
  <datafield tag="504" ind1=" " ind2=" ">
    <subfield code="a">Bibliograf&#xED;a : p. 145- 146</subfield>
  </datafield>
  <datafield tag="505" ind1="0" ind2=" ">
    <subfield code="a">Pr&#xF3;logo</subfield>
    <subfield code="t">Introducci&#xF3;n</subfield>
    <subfield code="t">Historia de la medicina legal --</subfield>
    <subfield code="t">Historia de la medicina legal en la Rep&#xFA;blica Dominicana --</subfield>
    <subfield code="t">Autopsia medicoLegal --</subfield>
    <subfield code="t">Certificado de defunci&#xF3;n --</subfield>
    <subfield code="t">Cadena de la muerte --</subfield>
    <subfield code="t">Muerte y cambios postMortem --</subfield>
    <subfield code="t">Traumatolog&#xED;a forense --</subfield>
    <subfield code="t">Heridas por instrumentos cortantes --</subfield>
    <subfield code="t">Heridas por armas de fuego --</subfield>
    <subfield code="t">Lesiones causadas por la energ&#xED;a el&#xE9;ctrica --</subfield>
    <subfield code="t">Lesiones t&#xE9;rmicas --</subfield>
    <subfield code="t">Muertes por asfixia --</subfield>
    <subfield code="t">Aspectos forenses del ahogado --</subfield>
    <subfield code="t">Violaciones sexuales</subfield>
    <subfield code="t">Aberraciones sexuales --</subfield>
    <subfield code="t">Patolog&#xED;a del aborto --</subfield>
    <subfield code="t">Drogas</subfield>
    <subfield code="t">Patolog&#xED;a de drogadici&#xF3;n</subfield>
    <subfield code="t">Muerte s&#xFA;bita e inesperada --</subfield>
    <subfield code="t">Aspectos legales de la pr&#xE1;ctica de la medicina --</subfield>
    <subfield code="t">Bibliograf&#xED;a.</subfield>
  </datafield>
  <datafield tag="590" ind1=" " ind2=" ">
    <subfield code="a">Inventariado, 2018/LP</subfield>
  </datafield>
  <datafield tag="650" ind1=" " ind2="4">
    <subfield code="a">Medicina legal</subfield>
    <subfield code="z">Rep&#xFA;blica Dominicana</subfield>
    <subfield code="9">20403</subfield>
  </datafield>
  <datafield tag="650" ind1=" " ind2="4">
    <subfield code="a">Medicina legal</subfield>
    <subfield code="x">Historia</subfield>
    <subfield code="9">20404</subfield>
  </datafield>
  <datafield tag="650" ind1=" " ind2="4">
    <subfield code="a">Patolog&#xED;a forense</subfield>
    <subfield code="9">20406</subfield>
  </datafield>
  <datafield tag="650" ind1=" " ind2="4">
    <subfield code="a">Autopsia</subfield>
    <subfield code="9">20405</subfield>
  </datafield>
  <datafield tag="700" ind1="1" ind2="2">
    <subfield code="a">Dom&#xED;nguez Brito,</subfield>
    <subfield code="e">pr&#xF3;l.</subfield>
    <subfield code="9">31263</subfield>
  </datafield>
  <datafield tag="910" ind1=" " ind2=" ">
    <subfield code="a">Validado. Control de calidad MFF</subfield>
  </datafield>
  <datafield tag="952" ind1=" " ind2=" ">
    <subfield code="0">0</subfield>
    <subfield code="1">0</subfield>
    <subfield code="5">4</subfield>
    <subfield code="7">0</subfield>
    <subfield code="8">DS</subfield>
    <subfield code="a">GR</subfield>
    <subfield code="b">GR</subfield>
    <subfield code="c">HD</subfield>
    <subfield code="d">2013-05-24</subfield>
    <subfield code="i">LF1</subfield>
    <subfield code="l">0</subfield>
    <subfield code="o">614.1 S245m</subfield>
    <subfield code="p">13774-30</subfield>
    <subfield code="r">2020-06-25</subfield>
    <subfield code="t">e. 3</subfield>
    <subfield code="w">2020-06-25</subfield>
    <subfield code="y">LFDS</subfield>
    <subfield code="Z">Pr&#xE9;stamo en sala</subfield>
  </datafield>
  <datafield tag="952" ind1=" " ind2=" ">
    <subfield code="0">0</subfield>
    <subfield code="1">0</subfield>
    <subfield code="7">1</subfield>
    <subfield code="8">PD</subfield>
    <subfield code="a">PD</subfield>
    <subfield code="b">PD</subfield>
    <subfield code="c">HD</subfield>
    <subfield code="d">2009-11-30</subfield>
    <subfield code="i">LF1</subfield>
    <subfield code="l">0</subfield>
    <subfield code="o">614.1 S245m</subfield>
    <subfield code="p">13774-10</subfield>
    <subfield code="r">2020-06-25</subfield>
    <subfield code="w">2020-06-25</subfield>
    <subfield code="y">LFPD</subfield>
    <subfield code="Z">No se presta</subfield>
  </datafield>
  <datafield tag="952" ind1=" " ind2=" ">
    <subfield code="0">0</subfield>
    <subfield code="1">0</subfield>
    <subfield code="7">1</subfield>
    <subfield code="8">PD</subfield>
    <subfield code="a">PD</subfield>
    <subfield code="b">PD</subfield>
    <subfield code="c">HD</subfield>
    <subfield code="d">2009-11-30</subfield>
    <subfield code="i">LF1</subfield>
    <subfield code="l">0</subfield>
    <subfield code="o">614.1 S245m</subfield>
    <subfield code="p">13774-20</subfield>
    <subfield code="r">2020-06-25</subfield>
    <subfield code="t">e. 2</subfield>
    <subfield code="w">2020-06-25</subfield>
    <subfield code="y">LFPD</subfield>
    <subfield code="Z">No se presta</subfield>
  </datafield>
  <datafield tag="999" ind1=" " ind2=" ">
    <subfield code="c">13386</subfield>
    <subfield code="d">13386</subfield>
  </datafield>
</record>
